| 000 | 00415nam a2200157Ia 4500 | ||
|---|---|---|---|
| 999 |
_c8999 _d8999 |
||
| 020 | _a9788170546474 | ||
| 082 | _a341.481 YAD-D | ||
| 100 | _aYadav, Lal Dhari | ||
| 245 | 0 | _aDevelopment of human rights in secondary students | |
| 260 |
_aNew Delhi _bClassical Publishing Company _c2013 |
||
| 300 | _axii, 206p | ||
| 504 | _aIncludes bibliography | ||
| 650 | _aHuman Rights | ||
| 650 | _aCivil Rights | ||
| 942 | _cBK | ||